Normal view
MARC view
- STEEL- METALLURGY, STEEL ALLOYS- METALLURGY.THERMO MEHANICAL SIMULATION AND PROCESSING OF STEELS
Entry Topical Term
001 - CONTROL NUMBER
- control field: 62113
003 - CONTROL NUMBER IDENTIFIER
- control field: NUST
005 - DATE AND TIME OF LATEST TRANSACTION
- control field: 20210628202858.0
008 - FIXED-LENGTH DATA ELEMENTS
- fixed length control field: 210628|| aca||aabn | a|a d
040 ## - CATALOGING SOURCE
- Original cataloging agency: NUST
- Transcribing agency: NUST
150 ## - HEADING--TOPICAL TERM
- Topical term or geographic name entry element: STEEL- METALLURGY, STEEL ALLOYS- METALLURGY.THERMO MEHANICAL SIMULATION AND PROCESSING OF STEELS
670 ## - SOURCE DATA FOUND
- Source citation: Work cat.: (NUST): Dasgupt, A.K Chakraborty , S 62112, Thermo mehanical simulation and processing of steels, 2004
